[Event "RUS-ch sfin"]
[Site "Tula"]
[Date "2002.??.??"]
[Round "8"]
[White "Iljushin, Alexei"]
[Black "Ovetchkin, Roman"]
[Result "1/2-1/2"]
[WhiteElo "2526"]
[BlackElo "2557"]
[PlyCount "82"]
[EventDate "2002.04.??"]
[EventType "swiss"]
[EventRounds "9"]
[EventCountry "RUS"]
[Source "Fruth,M"]
[SourceDate "2003.05.15"]

1. d4 Nf6 2. c4 c5 3. d5 e5 4. Nc3 d6 5. e4 Be7 6. g3 Na6 7. a3 Bd7 8. Rb1 h5
9. h4 g6 10. f3 Bf8 11. Be3 Ng8 12. Bh3 Bh6 13. Bxd7+ Qxd7 14. Bf2 f5 15. Nh3
Nf6 16. Qd3 O-O 17. Ke2 b5 18. cxb5 fxe4 19. Nxe4 Nc7 20. a4 Nfxd5 21. Rbd1
Rad8 22. Neg5 e4 23. Nxe4 Qe6 24. Kf1 Ne3+ 25. Bxe3 Rxf3+ 26. Kg2 Rxe3 27. Nhg5
Bxg5 28. Nxg5 Re2+ 29. Kg1 Qe3+ 30. Qxe3 Rxe3 31. Kf2 Rb3 32. Rd2 d5 33. Re1 d4
34. Ne6 Nxe6 35. Rxe6 Kf7 36. Rc6 Rb4 37. Rxc5 Rxa4 38. b3 Rb4 39. Rc4 Rxb5 40.
Rcxd4 Rxd4 41. Rxd4 Rxb3 1/2-1/2

[Event "Serpukhov IT A"]
[Site "Serpukhov"]
[Date "2003.??.??"]
[Round "17"]
[White "Dyachkov, Sergej"]
[Black "Khismatullin, Denis"]
[Result "1/2-1/2"]
[WhiteElo "2553"]
[BlackElo "2508"]
[PlyCount "121"]
[EventDate "2003.01.??"]
[EventType "tourn"]
[EventRounds "17"]
[EventCountry "RUS"]
[EventCategory "8"]
[Source "Fruth,M"]
[SourceDate "2003.05.15"]

1. d4 Nf6 2. c4 c5 3. d5 e5 4. Nc3 d6 5. e4 Be7 6. Bd3 O-O 7. h3 Ne8 8. Nf3 Nd7
9. g4 g6 10. Bh6 Ng7 11. Qe2 Kh8 12. O-O-O Nf6 13. Rdg1 a6 14. Kb1 Bd7 15. Be3
Ng8 16. h4 Rb8 17. Nd2 f5 18. h5 f4 19. hxg6 h6 20. Bxc5 f3 21. Nxf3 Rxf3 22.
Qxf3 dxc5 23. Qg3 Bg5 24. Qxe5 b5 25. Qg3 bxc4 26. f4 Rxb2+ 27. Kxb2 Qb8+ 28.
Kc2 Bxf4 29. Qf3 cxd3+ 30. Qxd3 Qe5 31. Qxa6 Nf6 32. Qc4 Nge8 33. Qxc5 Kg7 34.
Rd1 Nd6 35. Qd4 Qe8 36. g5 hxg5 37. Rh7+ Kxg6 38. Rh6+ Kxh6 39. Qxf6+ Kh5 40.
Rh1+ Kg4 41. Rg1+ Kf3 42. Qd4 Bb5 43. Rh1 Qc8 44. a4 Be2 45. e5 Qf5+ 46. Kb3
Nc4 47. Nxe2 Na5+ 48. Kb4 Kxe2 49. Qd1+ Kf2 50. Rf1+ Ke3 51. Rf3+ Ke4 52. Qd3+
Kxe5 53. Qxf5+ Kxf5 54. Kxa5 Ke4 55. Rf1 Kxd5 56. Kb5 Be3 57. Rd1+ Ke4 58. Kc6
g4 59. a5 g3 60. a6 g2 61. Kb7 1/2-1/2

[Event "Internet Final"]
[Site "Dos Hermanas"]
[Date "2004.03.13"]
[Round "1.2"]
[White "Golod, Vitali"]
[Black "Hansen, Sune Berg"]
[Result "1-0"]
[WhiteElo "2544"]
[BlackElo "2551"]
[PlyCount "127"]
[EventDate "2004.03.13"]
[EventType "k.o. (blitz)"]
[EventRounds "5"]
[EventCountry "ESP"]
[Source "ChessBase"]
[SourceDate "2004.05.04"]

1. d4 Nf6 2. c4 c5 3. d5 e5 4. Nc3 d6 5. e4 Be7 6. Bd3 Nbd7 7. h3 Nf8 8. Nf3
Ng6 9. Be3 Bd7 10. Bc2 a6 11. a4 b6 12. Qd2 h6 13. Bd3 Qc8 14. a5 bxa5 15. Rxa5
Rb8 16. O-O Bxh3 17. gxh3 Qxh3 18. Nh2 Ng4 19. Nxg4 Qxg4+ 20. Kh2 Qh4+ 21. Kg2
Qg4+ 22. Kh2 Qh5+ 23. Kg1 Nh4 24. f4 Nf3+ 25. Rxf3 Qxf3 26. Be2 Qg3+ 27. Kf1
Bh4 28. Bd1 O-O 29. f5 Rb6 30. b3 Rfb8 31. Ra3 g6 32. Bxh6 g5 33. f6 Kh7 34.
Bg7 Kg6 35. Ke2 Qf2+ 36. Kd3 Qxd2+ 37. Kxd2 g4 38. Bxg4 Bxf6 39. Bxf6 Kxf6 40.
Kc2 Rg8 41. Bf5 Rg2+ 42. Kd3 Kg5 43. Ne2 Rf2 44. Ke3 Rf1 45. Kd2 Rb1 46. Kc2
Rh1 47. Kd2 a5 48. Nc3 Rh2+ 49. Ke3 Rg2 50. Kf3 Rd2 51. Nb5 Rd3+ 52. Ke2 Rg3
53. Rxa5 Rxb3 54. Ra7 Rb8 55. Rxf7 Ra8 56. Rg7+ Kh6 57. Rh7+ Kg5 58. Rg7+ Kh4
59. Rh7+ Kg3 60. Ra7 Rh8 61. Rg7+ Kh2 62. Nxd6 Kh1 63. Rh7+ Rxh7 64. Bxh7 1-0

[Event "Reykjavik rapid"]
[Site "Reykjavik"]
[Date "2004.03.18"]
[Round "1.2"]
[White "Nielsen, Peter Heine"]
[Black "Epishin, Vladimir"]
[Result "1-0"]
[WhiteElo "2638"]
[BlackElo "2633"]
[PlyCount "92"]
[EventDate "2004.03.18"]
[EventType "k.o. (rapid)"]
[EventRounds "4"]
[EventCountry "ISL"]
[Source "ChessBase"]
[SourceDate "2004.06.01"]

1. d4 Nf6 2. c4 c5 3. d5 e5 4. Nc3 d6 5. e4 a6 6. Bd3 g6 7. Nge2 Bg7 8. h3 Nbd7
9. Bg5 h6 10. Be3 h5 11. Qd2 Qe7 12. a4 h4 13. Bg5 Qf8 14. a5 Bh6 15. Bxh6 Rxh6
16. Na4 Nh5 17. O-O Qg7 18. b4 g5 19. bxc5 dxc5 20. f3 Nf4 21. Rfb1 Qf6 22. Nb6
Rb8 23. Nxc8 Rxc8 24. Rxb7 Qd8 25. Nxf4 gxf4 26. Rab1 Rg6 27. Bc2 Kf8 28. Ba4
Nf6 29. d6 Kg7 30. d7 Ra8 31. Rb8 Rxb8 32. Rxb8 Qxb8 33. d8=Q Qb1+ 34. Qd1 Qb4
35. Q8d2 Qb7 36. Qc3 Qe7 37. Bc6 Nh7 38. Qd7 Qg5 39. Qg4 Qe7 40. Qf5 Rg5 41.
Qd7 Qf6 42. Bd5 Nf8 43. Qxf7+ Qxf7 44. Bxf7 Kxf7 45. Qb3 Rg6 46. Qb7+ Kg8 1-0

[Event "Salou op 7th"]
[Site "Salou"]
[Date "2005.05.28"]
[Round "9"]
[White "Hillarp Persson, Tiger"]
[Black "Shchekachev, Andrei"]
[Result "1/2-1/2"]
[WhiteElo "2533"]
[BlackElo "2526"]
[PlyCount "165"]
[EventDate "2005.05.20"]
[EventType "swiss"]
[EventRounds "9"]
[EventCountry "ESP"]
[Source "ChessBase"]
[SourceDate "2005.07.11"]

1. d4 Nf6 2. c4 c5 3. d5 e5 4. Nc3 d6 5. e4 Be7 6. g3 O-O 7. Bg2 Ne8 8. Nge2
Nc7 9. O-O Bd7 10. a4 f5 11. f4 Bf6 12. Qd3 g6 13. fxe5 Bxe5 14. Bh6 Rf7 15.
Qd2 Nba6 16. Rf2 Nb4 17. Raf1 Qf6 18. exf5 gxf5 19. Bg5 Qg6 20. Bf4 Raf8 21.
Kh1 Ne8 22. Bh6 Nd3 23. Rf3 Bxc3 24. bxc3 Ne5 25. Bxf8 Nxf3 26. Bxf3 Rxf8 27.
Nf4 Qh6 28. a5 Nf6 29. Re1 Re8 30. Rxe8+ Nxe8 31. Qb2 Bc8 32. Qe2 Qf8 33. Qe3
Ng7 34. Kg2 Bd7 35. h4 Qf6 36. Kf2 Kf8 37. h5 Kf7 38. Nh3 b6 39. axb6 axb6 40.
Qd2 h6 41. Nf4 Ne8 42. Qb2 Qd8 43. Qd2 Qf6 44. Qb2 Qd8 45. Qa1 Bc8 46. Qb1 Nf6
47. Kg2 Nh7 48. Bg4 Kf6 49. Be2 Ng5 50. Bd3 Qc7 51. Ng6 Qd8 52. Nf4 Bd7 53. Kf2
Nf7 54. Be2 Ne5 55. Qc1 Kg7 56. Qa1 Qb8 57. Kg2 Kf6 58. Qh1 Kf7 59. Qa1 Kf6 60.
Qc1 Qf8 61. Qb1 Qd8 62. Kf2 Qb8 63. Qa2 Kf7 64. Qa6 Kf6 65. Ng2 Bc8 66. Qa2 Qc7
67. Qa1 Qg7 68. Qc1 Ba6 69. Qb1 Qc7 70. Ne3 Bc8 71. Bd3 Nxd3+ 72. Qxd3 Qe7 73.
Qb1 Qe5 74. Qxb6 f4 75. Qd8+ Kf7 76. Qc7+ Kf6 77. Qd8+ Kf7 78. gxf4 Qxf4+ 79.
Ke2 Bg4+ 80. Nxg4 Qxg4+ 81. Kd3 Qf3+ 82. Kc2 Qe2+ 83. Kb3 1/2-1/2

[Event "CRO-chT"]
[Site "Sibenik"]
[Date "2005.10.07"]
[Round "9.4"]
[White "Pinter, Jozsef"]
[Black "Nevednichy, Vladislav"]
[Result "1/2-1/2"]
[WhiteElo "2526"]
[BlackElo "2594"]
[PlyCount "131"]
[EventDate "2005.10.01"]
[EventType "team"]
[EventRounds "11"]
[EventCountry "CRO"]
[Source "ChessBase"]
[SourceDate "2005.11.04"]

1. d4 Nf6 2. c4 c5 3. d5 e5 4. Nc3 d6 5. e4 Be7 6. g3 O-O 7. Bg2 Ne8 8. Nge2
Nd7 9. O-O g6 10. Bh6 Ng7 11. Qd2 a6 12. a4 Rb8 13. Ra3 Nb6 14. b3 Nd7 15. a5
b5 16. axb6 Rxb6 17. Nc1 Nf6 18. f3 Nfh5 19. Nd3 f5 20. Be3 f4 21. Bf2 fxg3 22.
hxg3 Rb7 23. Ne2 Bg5 24. Be3 Bxe3+ 25. Qxe3 g5 26. Rb1 g4 27. f4 exf4 28. Nexf4
Nxf4 29. Nxf4 Qe7 30. Qd2 Qg5 31. Ra2 Rbf7 32. Rf1 Rb7 33. Qc3 Rbf7 34. Raf2 h5
35. Qd2 h4 36. gxh4 Qxh4 37. Ng6 Rxf2 38. Rxf2 Rxf2 39. Qxf2 Qg5 40. Qf8+ Kh7
41. Ne7 Qe3+ 42. Qf2 Qc1+ 43. Bf1 Bd7 44. e5 Kh6 45. e6 Be8 46. Qh4+ Bh5 47.
Qf6+ Kh7 48. Nf5 Nxf5 49. Qxf5+ Bg6 50. Qxg4 Qe3+ 51. Kh2 Qe5+ 52. Kh1 a5 53.
Bg2 Qe1+ 54. Kh2 Qe5+ 55. Qg3 Qxg3+ 56. Kxg3 Kg7 57. Kf4 Bc2 58. Ke3 Bxb3 59.
Kd3 a4 60. Kc3 Ba2 61. Be4 a3 62. Bd3 Kf6 63. Kc2 Ke7 64. Be2 Kf6 65. Kc3 Ke7
66. Kc2 1/2-1/2

[Event "EU-ch Internet 3rd"]
[Site "playchess.com INT"]
[Date "2006.01.22"]
[Round "1.1"]
[White "Lysyj, Igor"]
[Black "Marin, Mihail"]
[Result "0-1"]
[WhiteElo "2523"]
[BlackElo "2543"]
[PlyCount "86"]
[EventDate "2006.01.22"]
[EventType "k.o. (blitz)"]
[EventRounds "4"]
[EventCountry "GER"]
[Source "ChessBase"]
[SourceDate "2006.03.10"]

1. d4 Nf6 2. c4 c5 3. d5 e5 4. Nc3 d6 5. e4 Be7 6. Be2 O-O 7. Nf3 Nbd7 8. O-O
Ne8 9. Ne1 g6 10. Nd3 Ng7 11. a3 f5 12. b4 b6 13. bxc5 bxc5 14. Rb1 f4 15. g4
Kh8 16. f3 h5 17. h3 Bh4 18. Kg2 Nf6 19. Bd2 Nh7 20. Qa4 a5 21. Qc2 Bg3 22. Na4
Ra7 23. Nb6 Qh4 24. Rh1 Ng5 25. Nxc8 Rxc8 26. Rb6 Ne8 27. Qa4 Rf7 28. Qb5 Nf6
29. Rb8 Rcf8 30. Rxf8+ Rxf8 31. Nxe5 dxe5 32. Qxc5 Nfh7 33. Bc3 Nf7 34. d6 Kg8
35. Bxe5 Nxe5 36. Qxe5 Bf2 37. Qe6+ Kh8 38. Qe5+ Kg8 39. c5 Nf6 40. c6 Be3 41.
Qe6+ Kh8 42. Rh2 Qf2+ 43. Kh1 Qg1# 0-1

[Event "Kostic mem 14th"]
[Site "Vrsac"]
[Date "2006.09.13"]
[Round "2"]
[White "Solak, Dragan"]
[Black "Miladinovic, Igor"]
[Result "1/2-1/2"]
[WhiteElo "2564"]
[BlackElo "2584"]
[PlyCount "129"]
[EventDate "2006.09.12"]
[EventType "tourn"]
[EventRounds "9"]
[EventCountry "YUG"]
[EventCategory "13"]
[Source "ChessBase"]
[SourceDate "2006.11.01"]

1. d4 Nf6 2. c4 c5 3. d5 e5 4. Nc3 d6 5. e4 Be7 6. g3 Nbd7 7. Bg2 Nf8 8. h4 a6
9. a4 b6 10. Nh3 h6 11. Qe2 Bg4 12. f3 Bd7 13. f4 Bg4 14. Bf3 Nh5 15. Bxg4 Nxg3
16. Qg2 Nxh1 17. Qxh1 Bxh4+ 18. Ke2 exf4 19. Nxf4 Bf6 20. Bd2 Nd7 21. Nd3 Ne5
22. Nxe5 Bxe5 23. Rf1 Qe7 24. Kd3 Kd8 25. Qf3 Rf8 26. a5 b5 27. cxb5 axb5 28.
Nxb5 Rb8 29. Kc4 Qb7 30. Qb3 Qa6 31. Qa4 f6 32. Rf3 Re8 33. Rb3 Re7 34. Be2 Bf4
35. Kd3 c4+ 36. Qxc4 Bxd2 37. Kxd2 Qxa5+ 38. Nc3 Rxb3 39. Qxb3 Rxe4 40. Qb8+
Ke7 41. Bh5 f5 42. Qe8+ Kf6 43. Qg6+ Ke7 44. Qe8+ Kf6 45. Qg6+ Ke7 46. Qxf5 Re5
47. Qf7+ Kd8 48. Qg8+ Kc7 49. Qxg7+ Kb6 50. Qg1+ Kb7 51. Bf3 Qb6 52. Qg7+ Kb8
53. Qf8+ Kb7 54. Qf7+ Kb8 55. Qf8+ Kb7 56. Kc2 Qf2+ 57. Kb3 Qb6+ 58. Kc2 Qf2+
59. Kb3 Qb6+ 60. Ka2 Qa6+ 61. Kb1 Qd3+ 62. Ka2 Qa6+ 63. Kb1 Qd3+ 64. Kc1 Qe3+
65. Kc2 1/2-1/2